| 000 | 00439nam a2200169Ia 4500 | ||
|---|---|---|---|
| 003 | IT-RoPAU | ||
| 005 | 20220918175442.0 | ||
| 008 | 120407s9999 xx 000 0 und d | ||
| 040 | _aIT-RoPAU | ||
| 040 | _cIT-RoPAU | ||
| 100 |
_aGianni Baget Bozzo _934513 |
||
| 245 | _aIl partito cristiano e l'apertura a sinistra. La D.C. di Fanfani e di Moro 1954-1962 | ||
| 260 | _aVallecchi | ||
| 300 | _c cm | ||
| 490 | _v1 | ||
| 942 |
_cBK _2ddc |
||
| 999 |
_c12413 _d12413 |
||